[Event "Quebec-ch Intercoll"]
[Site "Joliette"]
[Date "1993.04.09"]
[Round "2"]
[White "Nguyen, Christophe"]
[Black "Lessard, Benoit"]
[Result "1-0"]
[WhiteElo "1812"]
[BlackElo "1500"]
[PlyCount "47"]
[EventDate "1993.04.09"]
[EventType "swiss"]
[EventRounds "6"]
[EventCountry "CAN"]
[SourceTitle "EXT 2022"]
[Source "ChessBase"]
[SourceDate "2021.10.06"]
[SourceVersion "1"]
[SourceVersionDate "2021.10.06"]
[SourceQuality "1"]

1. e4 c5 2. Nf3 Nc6 3. d4 cxd4 4. Nxd4 Nf6 5. Nc3 e6 6. Ndb5 Bb4 7. a3 Bxc3+ 8. Nxc3 d5 9. exd5 exd5 10. Bd3 0-0 11. 0-0 Ne5 12. Bg5 Be6 13. Re1 Nc4 14. Bxc4 dxc4 15. Qf3 h6 16. Rad1 Qe7 17. Bh4 g5 18. Bg3 Rad8 19. Bd6 Rxd6 20. Rxd6 Qxd6 21. Qxf6 Qd2 22. Kf1 g4 23. Ne4 Qxc2 24. Qxh6 1-0